| 000 | 00742nam a2200229 a 4500 | ||
|---|---|---|---|
| 001 | 40575 | ||
| 003 | BD-RjUL | ||
| 005 | 20211209053237.0 | ||
| 008 | 160504s2008 bg ||||| |||| 00| 0 ben d | ||
| 020 | _c: TK.50.00 | ||
| 035 | _a(BD-RjUL)40690 | ||
| 040 |
_aBD-RjUL _bben _cBD-RjUL |
||
| 041 | _aben | ||
| 082 |
_223 _a297 _bRAA 2008 |
||
| 100 |
_aরহমান, মুজিবুর _9124768 |
||
| 245 | 1 | 0 |
_aআলকুরআনে উদাহরণ / _cমুজিবুর রহমান |
| 260 |
_aরাজশাহী : _bআল ইসলাহ প্রকাশনী, _c২০০৮ |
||
| 300 |
_a৭১ পৃ. ; _c২৩ সেমি. |
||
| 650 |
_aইসলাম _9124871 |
||
| 650 |
_aIslam _9124872 |
||
| 942 |
_2ddc _cBK |
||
| 999 |
_c40575 _d40575 |
||